Traja trpaslíci hľadajú poklad (Record no. 21704)
[ view plain ]
| 000 -LEADER | |
|---|---|
| fixed length control field | 01374nkm a2200397 a 4500 |
| 001 - CONTROL NUMBER | |
| control field | 21704 |
| 003 - CONTROL NUMBER IDENTIFIER | |
| control field | VRT |
| 005 - DATE AND TIME OF LATEST TRANSACTION | |
| control field | 20260309095525.0 |
| 007 - PHYSICAL DESCRIPTION FIXED FIELD--GENERAL INFORMATION | |
| fixed length control field | k| co| |
| 008 - FIXED-LENGTH DATA ELEMENTS--GENERAL INFORMATION | |
| fixed length control field | 181130s1997 xo a rg 0kuslo |
| 015 ## - NATIONAL BIBLIOGRAPHY NUMBER | |
| National bibliography number | SNBG1997 |
| 020 ## - INTERNATIONAL STANDARD BOOK NUMBER | |
| International Standard Book Number | 8085568772 |
| Qualifying information | (viaz.) |
| 035 ## - SYSTEM CONTROL NUMBER | |
| System control number | SNK000267365 |
| 035 ## - SYSTEM CONTROL NUMBER | |
| System control number | urn:nbn:sk:snk-am3h7e4 |
| 035 ## - SYSTEM CONTROL NUMBER | |
| System control number | 9F49BCA9-99DD-4B7C-A1AF-45D4889BD057 |
| 035 ## - SYSTEM CONTROL NUMBER | |
| System control number | urn:nbn:sk:snk-am00161j |
| 039 #9 - LEVEL OF BIBLIOGRAPHIC CONTROL AND CODING DETAIL [OBSOLETE] | |
| Level of rules in bibliographic description | 202406211039 |
| Level of effort used to assign nonsubject heading access points | AUTHORITY |
| Level of effort used to assign subject headings | 202406211033 |
| Level of effort used to assign classification | AUTHORITY |
| Level of effort used to assign subject headings | 202406211033 |
| Level of effort used to assign classification | AUTHORITY |
| Level of effort used to assign subject headings | 202202132246 |
| Level of effort used to assign classification | msnk134 |
| 040 ## - CATALOGING SOURCE | |
| Original cataloging agency | SNK |
| Language of cataloging | slo |
| Transcribing agency | SNK |
| Description conventions | AACR2 |
| 041 0# - LANGUAGE CODE | |
| Language code of text/sound track or separate title | slo |
| 044 ## - COUNTRY OF PUBLISHING/PRODUCING ENTITY CODE | |
| MARC country code | xo |
| ISO country code | SK |
| 080 ## - UNIVERSAL DECIMAL CLASSIFICATION NUMBER | |
| Universal Decimal Classification number | 885.4-3(087.5) |
| 100 1# - MAIN ENTRY--PERSONAL NAME | |
| Personal name | Birkenshaw, Linda |
| Relationship | ill |
| 245 10 - TITLE STATEMENT | |
| Title | Traja trpaslíci hľadajú poklad |
| Medium | grafika |
| Statement of responsibility, etc. | [illustrations: L. Birkenshaw ; text: Z. Moravčíková] |
| 260 ## - PUBLICATION, DISTRIBUTION, ETC. | |
| Place of publication, distribution, etc. | [Bratislava] |
| Name of publisher, distributor, etc. | Eurounion Junior |
| Date of publication, distribution, etc. | 1997 |
| 300 ## - PHYSICAL DESCRIPTION | |
| Extent | [20] s. |
| Other physical details | fareb. ilustr. |
| Dimensions | 25 cm |
| 500 ## - GENERAL NOTE | |
| General note | Údaj o aut. textu a ilustr. prevzatý z tiráže |
| 500 ## - GENERAL NOTE | |
| General note | Kartónové listy |
| 655 #7 - INDEX TERM--GENRE/FORM | |
| Genre/form data or focus term | príbehy |
| Source of term | SNKPH |
| 655 #7 - INDEX TERM--GENRE/FORM | |
| Genre/form data or focus term | literatúra pre deti |
| Source of term | SNKPH |
| 655 #7 - INDEX TERM--GENRE/FORM | |
| Genre/form data or focus term | leporelá |
| Source of term | SNKPH |
| 700 1# - ADDED ENTRY--PERSONAL NAME | |
| Personal name | Moravčíková, Z. |
| Relationship | aut |
| 910 ## - USER-OPTION DATA (OCLC) | |
| User-option data | snk |
| 942 ## - ADDED ENTRY ELEMENTS (KOHA) | |
| Source of classification or shelving scheme | Dewey Decimal Classification |
| Koha item type | Krásna literatúra pre deti |
| Suppress in OPAC | No |
| 949 ## - LOCAL PROCESSING INFORMATION (OCLC) | |
| 6 | 17A0112726 |
| 9 | P60, <03>, [BOOK], {603} |
| a | snkSC 94702 |
| b | snkKSP 12555/97 |
| s | 6100:20140925 |
| 949 ## - LOCAL PROCESSING INFORMATION (OCLC) | |
| 6 | 17A0112727 |
| 9 | P60, <04>, [BOOK], {604} |
| a | snkSC 94702 D1 |
| b | snkKSP 12556/97 |
| Stav vyradenia | Strata | Poškodenie | Spôsob nadobudnutia | Domovská knižnica | Aktuálna knižnica | Dátum nadobudnutia | Total checkouts | Čiarový kód exemplára | Date last seen | Typ exemplára |
|---|---|---|---|---|---|---|---|---|---|---|
| Dar | Obecná knižnica Turčianska Štiavnička | Obecná knižnica Turčianska Štiavnička | 09.03.2026 | 4738000295 | 09.03.2026 | Krásna literatúra pre deti |
